<?xml version="1.0" encoding="UTF-8"?><?xml-stylesheet type="text/xsl" href="static/style.xsl"?><OAI-PMH xmlns="http://www.openarchives.org/OAI/2.0/" xmlns:xsi="http://www.w3.org/2001/XMLSchema-instance" xsi:schemaLocation="http://www.openarchives.org/OAI/2.0/ http://www.openarchives.org/OAI/2.0/OAI-PMH.xsd"><responseDate>2026-07-02T08:38:45Z</responseDate><request verb="GetRecord" identifier="oai:riubu.ubu.es:10259/8014" metadataPrefix="marc">https://riubu.ubu.es/oai/request</request><GetRecord><record><header><identifier>oai:riubu.ubu.es:10259/8014</identifier><datestamp>2023-11-16T01:05:26Z</datestamp><setSpec>com_10259_5495</setSpec><setSpec>com_10259_5086</setSpec><setSpec>com_10259_2604</setSpec><setSpec>com_10259_6171</setSpec><setSpec>col_10259_5496</setSpec><setSpec>col_10259_6172</setSpec></header><metadata><record xmlns="http://www.loc.gov/MARC21/slim" xmlns:doc="http://www.lyncode.com/xoai" xmlns:xsi="http://www.w3.org/2001/XMLSchema-instance" xmlns:dcterms="http://purl.org/dc/terms/" xsi:schemaLocation="http://www.loc.gov/MARC21/slim http://www.loc.gov/standards/marcxml/schema/MARC21slim.xsd">
<leader>00925njm 22002777a 4500</leader>
<datafield tag="042" ind1=" " ind2=" ">
<subfield code="a">dc</subfield>
</datafield>
<datafield tag="720" ind1=" " ind2=" ">
<subfield code="a">Revilla Cuesta, Víctor</subfield>
<subfield code="e">author</subfield>
</datafield>
<datafield tag="720" ind1=" " ind2=" ">
<subfield code="a">Skaf Revenga, Marta</subfield>
<subfield code="e">author</subfield>
</datafield>
<datafield tag="720" ind1=" " ind2=" ">
<subfield code="a">Navarro González, Milagros</subfield>
<subfield code="e">author</subfield>
</datafield>
<datafield tag="720" ind1=" " ind2=" ">
<subfield code="a">Ortega López, Vanesa</subfield>
<subfield code="e">author</subfield>
</datafield>
<datafield tag="260" ind1=" " ind2=" ">
<subfield code="c">2021-11</subfield>
</datafield>
<datafield tag="520" ind1=" " ind2=" ">
<subfield code="a">The intention of this study was to identify the elements that engineering students consider&#xd;
fundamental for successful learning on engineering courses. The aim was to provide generic guidelines suitable for any engineering course with which the teaching may be adapted in the light of&#xd;
comments from students, while student learning improves. The abrupt transition from face-to-face to&#xd;
asynchronous online teaching due to the COVID-19 pandemic prompted reflection among students&#xd;
on both teaching methods. Students were invited to evaluate each method through a survey of&#xd;
open-ended questions, identifying useful elements for their learning. The survey was repeated over&#xd;
nine weeks, to obtain the views of students after they had accepted the change and had critically&#xd;
analyzed how to improve online teaching. A cross-coded qualitative and mixed (word counting)&#xd;
analysis showed that the explanation of engineering concepts should be organized, hierarchical,&#xd;
repetitive, and exemplified. Furthermore, the teacher should link all the activities and projects to the&#xd;
concepts explained and quickly solve any doubts that they raised. As a consequence of the online&#xd;
teaching resulting from COVID-19, the need of independent student learning and peer support&#xd;
was also very evident. Teaching functions are essential on engineering courses, as teachers have to&#xd;
explain the overall concepts carefully, identify the key concepts, and demonstrate their industrial&#xd;
and professional applications. Furthermore, teaching methodologies that balance these aspects with&#xd;
autonomy and peer support for learning on engineering courses should be promoted.</subfield>
</datafield>
<datafield tag="024" ind2=" " ind1="8">
<subfield code="a">http://hdl.handle.net/10259/8014</subfield>
</datafield>
<datafield tag="024" ind2=" " ind1="8">
<subfield code="a">10.3390/ijerph182111527</subfield>
</datafield>
<datafield tag="024" ind2=" " ind1="8">
<subfield code="a">1660-4601</subfield>
</datafield>
<datafield ind1=" " ind2=" " tag="653">
<subfield code="a">COVID-19 pandemic</subfield>
</datafield>
<datafield ind1=" " ind2=" " tag="653">
<subfield code="a">Lockdown</subfield>
</datafield>
<datafield ind1=" " ind2=" " tag="653">
<subfield code="a">Engineering course</subfield>
</datafield>
<datafield ind1=" " ind2=" " tag="653">
<subfield code="a">Higher Education</subfield>
</datafield>
<datafield ind1=" " ind2=" " tag="653">
<subfield code="a">Online teaching</subfield>
</datafield>
<datafield ind1=" " ind2=" " tag="653">
<subfield code="a">Face-to-face teaching</subfield>
</datafield>
<datafield ind1=" " ind2=" " tag="653">
<subfield code="a">Student perception</subfield>
</datafield>
<datafield ind1=" " ind2=" " tag="653">
<subfield code="a">University</subfield>
</datafield>
<datafield ind1=" " ind2=" " tag="653">
<subfield code="a">Autonomy</subfield>
</datafield>
<datafield ind1=" " ind2=" " tag="653">
<subfield code="a">Peer support</subfield>
</datafield>
<datafield tag="245" ind1="0" ind2="0">
<subfield code="a">Reflections throughout the COVID-19 Lockdown: What Do I Need for Successful Learning of Engineering?</subfield>
</datafield>
</record></metadata></record></GetRecord></OAI-PMH>